[Event "Spring U2400"]
[Site "?"]
[Date "2023.03.04"]
[Round "1"]
[White "Westcott, Dale"]
[Black "Gibiec, Ernest"]
[Result "1-0"]
[WhiteElo "1568"]
[BlackElo "2138"]
[PlyCount "120"]
[SourceVersionDate "2023.03.05"]

1. d4 d5 2. Nf3 Nf6 3. g3 Bg4 4. Bg2 e6 5. O-O Be7 6. c4 c6 7. Nc3 Nbd7 8. Qb3 Qc8 9. Re1 O-O 10. cxd5 exd5 11. Bg5 h6 12. Bf4 Re8 13. Rac1 a6 14. Ne5 Be6 15. Na4 Bd8 16. Nd3 Ne4 17. Ndc5 Nexc5 18. Nxc5 Nxc5 19. dxc5 Bf6 20. Qc2 Bf5 21. Qb3 Be6 22. Qc2 Bh3 23. Qd2 Bxg2 24. Kxg2 Qf5 25. Qb4 Re7 26. Bd6 Rd7 27. e4 dxe4 28. Qxe4 Qxe4+ 29. Rxe4 Bxb2 30. Rb1 Bf6 31. Rb6 Bd8 32. Re8+ Kh7 33. Rb3 b5 34. Rbe3 Raa7 35. h4 h5 36. R3e5 g6 37. Re3 Rxd6 38. cxd6 Rd7 39. Rd3 c5 40. Re2 c4 41. Rd5 Kg7 42. Kf3 Kf6 43. Kf4 Ba5 44. a4 Bb4 45. axb5 Rxd6 46. Rxd6+ Bxd6+ 47. Ke4 axb5 48. Kd5 c3 49. Kxd6 b4 50. Rc2 Kf5 51. Kd5 f6 52. Kc4 g5 53. Kxb4 gxh4 54. gxh4 Kg4 55. Rxc3 Kxh4 56. Kc5 Kg4 57. Rg3+ Kf4 58. Rg8 f5 59. Kd5 Kf3 60. Rh8 Kxf2 1-0

[Event "Spring U2400"]
[Site "?"]
[Date "2023.03.04"]
[Round "1"]
[White "Kett, Tim"]
[Black "Wu, Yuxuan"]
[Result "1/2-1/2"]
[WhiteElo "2124"]
[BlackElo "1549"]
[PlyCount "69"]
[SourceVersionDate "2023.03.05"]

1. e4 c5 2. Nf3 e6 3. d4 cxd4 4. Nxd4 a6 5. Bd3 Bc5 6. Nb3 Be7 7. Nc3 Qc7 8. O-O d6 9. Be3 Nd7 10. f4 b5 11. a4 b4 12. Nb1 Bb7 13. N1d2 d5 14. Qf3 Nc5 15. Nxc5 Bxc5 16. Nb3 Bxe3+ 17. Qxe3 dxe4 18. Bxe4 Rc8 19. f5 Bxe4 20. Qxe4 Qb6+ 21. Kh1 Nf6 22. a5 Qd6 23. Qe2 O-O 24. Rad1 Qc6 25. Nd4 Qe4 26. Qxa6 e5 27. Rfe1 Qf4 28. Rf1 Qh4 29. Nf3 Qe4 30. Rde1 Qxc2 31. Re2 Qxf5 32. Rxe5 Qc2 33. Re2 Qc5 34. Re5 Qc2 35. Re2 1/2-1/2

[Event "Spring U2400"]
[Site "?"]
[Date "2023.03.04"]
[Round "1"]
[White "Bullen, Alex"]
[Black "Davies, Tom"]
[Result "1-0"]
[WhiteElo "2148"]
[BlackElo "1582"]
[PlyCount "55"]
[EventDate "2023.??.??"]
[SourceVersionDate "2023.03.05"]

1. d4 d5 2. Nf3 Nf6 3. c4 e6 4. g3 c5 5. cxd5 exd5 6. Bg2 Nc6 7. O-O Bg4 8. Ne5 Be6 9. Qa4 Qc7 10. Bf4 Bd6 11. Nc3 Bxe5 12. Bxe5 Qd7 13. Bxf6 gxf6 14. dxc5 O-O-O 15. Nb5 Kb8 16. Qf4+ Ne5 17. Nd4 Bh3 18. c6 bxc6 19. Nxc6+ Qxc6 20. Bxh3 Qd6 21. Rfd1 Rhe8 22. Bg2 Ng6 23. Qa4 Qb6 24. Rd4 Qc7 25. Rb4+ Kc8 26. Bh3+ Re6 27. Bxe6+ fxe6 28. Qa6+ 1-0

[Event "Spring U2400"]
[Site "?"]
[Date "2023.03.04"]
[Round "1"]
[White "Macdonald, Duncan"]
[Black "Young, Alan"]
[Result "1-0"]
[WhiteElo "1546"]
[BlackElo "2058"]
[PlyCount "81"]
[EventDate "2023.??.??"]
[SourceVersionDate "2023.03.05"]

1. c4 c5 2. Nc3 e6 3. e4 Nc6 4. Nf3 Nge7 5. d3 Ng6 6. Be3 Be7 7. Be2 O-O 8. Qd2 a6 9. O-O d6 10. Ne1 Bf6 11. f4 Bd4 12. Bh5 Nxf4 13. Bxd4 Nxh5 14. Be3 g6 15. Nc2 e5 16. Bh6 Re8 17. Nd5 Be6 18. Bg5 f6 19. Nxf6+ Nxf6 20. Bxf6 Qd7 21. Rf2 Rf8 22. Raf1 Rf7 23. b4 cxb4 24. Nxb4 Nd4 25. Nc2 Nc6 26. Qg5 b5 27. Ne3 Raf8 28. h4 Qe8 29. h5 Rb7 30. Nf5 Rxf6 31. Nh6+ Kg7 32. Rxf6 Nd4 33. Nf5+ Bxf5 34. exf5 Ne2+ 35. Kh2 Nf4 36. Rxf4 exf4 37. h6+ Kh8 38. fxg6 hxg6 39. Rxg6 Rf7 40. Rxd6 f3 41. Rd8 1-0

[Event "Spring U2400"]
[Site "?"]
[Date "2023.03.04"]
[Round "1"]
[White "Sadiq, Ayodele"]
[Black "Jones, Gavin"]
[Result "1-0"]
[WhiteElo "2006"]
[BlackElo "1531"]
[PlyCount "67"]
[EventDate "2023.??.??"]
[SourceVersionDate "2023.03.05"]

1. e4 c6 2. d4 d5 3. Nc3 dxe4 4. Nxe4 Nf6 5. Ng3 h5 6. h4 Bg4 7. f3 Bc8 8. Bc4 Nbd7 9. N1e2 e6 10. Bg5 Be7 11. Qd2 Nb6 12. Bb3 a5 13. a4 Nbd5 14. c3 b6 15. O-O-O b5 16. Ne4 Nb6 17. Nc5 Bxc5 18. dxc5 Qxd2+ 19. Rxd2 bxa4 20. Bxe6 Bxe6 21. cxb6 Nd7 22. Rhd1 Rb8 23. Nd4 Nc5 24. Nxc6 Nb3+ 25. Kb1 Nxd2+ 26. Rxd2 O-O 27. Nxb8 Rxb8 28. Rd8+ Rxd8 29. Bxd8 Bc8 30. Ka2 Kf8 31. Ka3 Ke8 32. Bc7 Kd7 33. Kxa4 Kc6 34. Kxa5 1-0

[Event "Spring U2400"]
[Site "?"]
[Date "2023.03.04"]
[Round "1"]
[White "Jansen Van Rensberg, Leon"]
[Black "Garcia, Jason"]
[Result "0-1"]
[WhiteElo "1501"]
[BlackElo "2002"]
[PlyCount "92"]
[EventDate "2023.??.??"]
[SourceVersionDate "2023.03.05"]

1. e4 c5 2. c3 d5 3. e5 Bf5 4. d4 e6 5. Nf3 Nc6 6. Be3 Qb6 7. Qb3 Qxb3 8. axb3 cxd4 9. cxd4 a6 10. Be2 Bb4+ 11. Nc3 Nge7 12. O-O O-O 13. Rfc1 h6 14. h3 Bg6 15. g4 f6 16. Na2 Ba5 17. b4 Bb6 18. b5 axb5 19. Nh4 fxe5 20. Nxg6 Nxg6 21. dxe5 Bxe3 22. fxe3 b4 23. Rcb1 Ngxe5 24. Nc1 Nf3+ 25. Bxf3 Rxa1 26. Rxa1 Rxf3 27. Kg2 Rxe3 28. Ra8+ Kf7 29. Rc8 Na5 30. Rc5 Nc4 31. Rc7+ Kf6 32. Rxb7 Nxb2 33. Rxb4 Nd3 34. Nxd3 Rxd3 35. Rf4+ Ke7 36. Rb4 Rc3 37. h4 Rc4 38. Rb7+ Kf6 39. g5+ hxg5 40. hxg5+ Kg6 41. Kf3 e5 42. Re7 Rf4+ 43. Kg3 Rf5 44. Kh4 Rxg5 45. Rxg7+ Kxg7 46. Kxg5 d4 0-1

[Event "Spring U2400"]
[Site "?"]
[Date "2023.03.04"]
[Round "1"]
[White "Twohig, Tycho"]
[Black "Rathbone-Jones, Ifan"]
[Result "0-1"]
[WhiteElo "1430"]
[BlackElo "1934"]
[PlyCount "78"]
[EventDate "2023.??.??"]
[SourceVersionDate "2023.03.06"]

1. e4 c5 2. Nf3 d6 3. c4 Nc6 4. d3 g6 5. Nc3 Bg7 6. Be3 Nf6 7. h3 O-O 8. Be2 Bd7 9. O-O Ne8 10. Qd2 Nc7 11. Rad1 e5 12. a3 f5 13. Bg5 Qe8 14. Bh6 f4 15. Bxg7 Kxg7 16. Qc2 g5 17. Nh2 Nd4 18. Qd2 b5 19. Bg4 Bxg4 20. Nxg4 h5 21. Nh2 Rf6 22. Rde1 Rg6 23. Qd1 bxc4 24. dxc4 g4 25. h4 Rb8 26. Qd2 Qd8 27. g3 Nf3+ 28. Nxf3 gxf3 29. Kh2 Rg4 30. Kh3 Qd7 31. Kh2 Qe7 32. Kh3 Qe6 33. Kh2 Kh8 34. Rg1 Qf6 35. Kh3 fxg3 36. Qg5 Rxg5 37. hxg5 Qe6+ 38. Kxg3 Qg4+ 39. Kh2 Qh4# 0-1

[Event "Spring U2400"]
[Site "?"]
[Date "2023.03.04"]
[Round "1"]
[White "Wilmot, Daniel"]
[Black "Browse, Joseph"]
[Result "0-1"]
[WhiteElo "1912"]
[BlackElo "1390"]
[PlyCount "76"]
[EventDate "2023.??.??"]
[SourceVersionDate "2023.03.06"]

1. e4 c6 2. d4 d5 3. exd5 cxd5 4. Nf3 Nc6 5. Nc3 Bf5 6. Bf4 a6 7. Be2 e6 8. O-O Bd6 9. Qd2 Nf6 10. Bxd6 Qxd6 11. Nh4 Bg6 12. Na4 Ne4 13. Qe3 Qb4 14. f3 Qxa4 15. Nxg6 hxg6 16. fxe4 Qxd4 17. Qxd4 Nxd4 18. Bd3 dxe4 19. Bxe4 Rb8 20. c3 Nf5 21. Rae1 O-O 22. g4 Ne7 23. Bc2 Rfd8 24. Rd1 Nd5 25. Rf3 b5 26. Rdf1 Rb7 27. h3 g5 28. Rd3 Rc7 29. Bb3 Rcd7 30. Rfd1 Kf8 31. a4 Ke7 32. axb5 axb5 33. Kf2 Nf4 34. Rxd7+ Rxd7 35. Rxd7+ Kxd7 36. Kg3 Nd3 37. c4 Nc1 38. Bc2 bxc4 0-1

[Event "Spring U2400"]
[Site "?"]
[Date "2023.03.04"]
[Round "1"]
[White "Enoch, Stuart"]
[Black "Jukes, Sam"]
[Result "0-1"]
[WhiteElo "1391"]
[BlackElo "1905"]
[PlyCount "38"]
[EventDate "2023.??.??"]
[SourceVersionDate "2023.03.06"]

1. b3 Nf6 2. c4 g6 3. Bb2 Bg7 4. Nf3 O-O 5. e3 c5 6. Be2 Nc6 7. O-O b6 8. Re1 Bb7 9. d4 Ne4 10. Nbd2 f5 11. Qb1 Nxd2 12. Nxd2 cxd4 13. Bf3 dxe3 14. Rxe3 e6 15. Bxg7 Kxg7 16. Qd3 Qf6 17. Rae1 Rae8 18. Qd6 e5 19. Bxc6 Qxd6 0-1

[Event "Spring U2400"]
[Site "?"]
[Date "2023.03.04"]
[Round "1"]
[White "Fowler, Hugo"]
[Black "Graczyk, Piotr"]
[Result "1-0"]
[WhiteElo "1878"]
[BlackElo "1524"]
[PlyCount "69"]
[EventDate "2023.??.??"]
[SourceVersionDate "2023.03.06"]

1. e4 d5 2. exd5 Qxd5 3. Nc3 Qa5 4. d4 Nf6 5. Nf3 Bf5 6. Bc4 e6 7. O-O Be7 8. Re1 c6 9. Ne5 O-O 10. g4 Bg6 11. h4 h5 12. Nxg6 fxg6 13. Rxe6 b5 14. Bb3 Kh7 15. Rxe7 Nxg4 16. f3 Qb4 17. Rf7 Rxf7 18. Bxf7 Qd6 19. fxg4 Qg3+ 20. Kf1 Qh3+ 21. Ke2 Qxg4+ 22. Kd3 Qf5+ 23. Ne4 Nd7 24. Be6 Nc5+ 25. dxc5 Rd8+ 26. Ke3 Qxe4+ 27. Kxe4 Rxd1 28. Kf3 a5 29. b3 Rh1 30. Kg3 g5 31. hxg5 Kg6 32. Bb2 h4+ 33. Kg2 Rxa1 34. Bxa1 Kxg5 35. Bxg7 1-0

[Event "Spring U2400"]
[Site "?"]
[Date "2023.03.04"]
[Round "1"]
[White "Muza, Robert"]
[Black "Turner, Joseph"]
[Result "0-1"]
[WhiteElo "1250"]
[BlackElo "1867"]
[PlyCount "60"]
[EventDate "2023.??.??"]
[SourceVersionDate "2023.03.06"]

1. e4 e5 2. Nf3 Nc6 3. d3 Nf6 4. Nc3 h6 5. Bd2 a6 6. Qe2 Bc5 7. O-O-O b5 8. Nh4 Nd4 9. Qe1 Ng4 10. f3 Nf2 11. Nf5 Nxh1 12. Ne3 c6 13. Kb1 d6 14. Ne2 Be6 15. Nxd4 Bxd4 16. Be2 Qb6 17. Bf1 b4 18. g4 a5 19. Bg2 a4 20. Bxh1 Bxa2+ 21. Kc1 a3 22. c3 axb2+ 23. Kc2 bxc3 24. Bxc3 Qb3+ 25. Kd2 Bxc3+ 26. Ke2 Bxe1 27. Rxe1 b1=Q 28. Rxb1 Bxb1 29. Nf5 Ra2+ 30. Ke1 Qc3+ 0-1

[Event "Spring U2400"]
[Site "?"]
[Date "2023.03.04"]
[Round "1"]
[White "Gorman, Claire"]
[Black "James, Dai"]
[Result "0-1"]
[WhiteElo "1247"]
[BlackElo "1843"]
[PlyCount "36"]
[EventDate "2023.??.??"]
[SourceVersionDate "2023.03.07"]

1. e4 e6 2. a3 d5 3. exd5 exd5 4. Qe2+ Be7 5. Nf3 Nf6 6. d3 O-O 7. Bg5 Re8 8. Kd1 c5 9. h3 Nc6 10. g4 Nxg4 11. hxg4 Bxg5 12. Ne5 Nxe5 13. f3 Nxg4 14. fxg4 Rxe2 15. Bxe2 Qf6 16. c3 Qb6 17. Kc2 c4 18. d4 Qb3# 0-1

[Event "Spring U2400"]
[Site "?"]
[Date "2023.03.04"]
[Round "1"]
[White "Korovsli, Georgi"]
[Black "Davies, Rhys"]
[Result "1-0"]
[WhiteElo "1841"]
[BlackElo "1216"]
[PlyCount "55"]
[EventDate "2023.??.??"]
[SourceVersionDate "2023.03.07"]

1. d4 d5 2. Nf3 e6 3. e3 c5 4. c3 Nc6 5. Bd3 Nf6 6. O-O Bd6 7. Nbd2 O-O 8. Qe2 Re8 9. dxc5 Bxc5 10. e4 e5 11. exd5 Nxd5 12. Ne4 Nf4 13. Bxf4 Bf5 14. Nxc5 Bxd3 15. Qxd3 exf4 16. Qxd8 Raxd8 17. Rad1 b6 18. Nb3 Rc8 19. Nbd4 Na5 20. Rfe1 Rf8 21. Ne5 f6 22. Nd3 g5 23. Re7 Nc4 24. Rxa7 Rfd8 25. Re1 Nd6 26. Ree7 Ne8 27. Nf5 Rxd3 28. Nh6+ 1-0

[Event "Spring U2400"]
[Site "?"]
[Date "2023.03.04"]
[Round "1"]
[White "Hanczar, Csombor"]
[Black "Harris, Callum"]
[Result "1/2-1/2"]
[WhiteElo "964"]
[BlackElo "1836"]
[PlyCount "114"]
[EventDate "2023.??.??"]
[SourceVersionDate "2023.03.08"]

1. Nf3 Nf6 2. g3 g6 3. Bg2 Bg7 4. d4 O-O 5. O-O d6 6. c4 c6 7. Nc3 Nbd7 8. Re1 Qc7 9. Bg5 h6 10. Bxf6 Bxf6 11. b4 a5 12. a3 e5 13. Rc1 axb4 14. axb4 exd4 15. Nxd4 Qb6 16. e3 Qxb4 17. Ne4 Be7 18. h4 Ne5 19. Qe2 Bg4 20. f3 Bd7 21. Nd2 Ra2 22. Red1 Rfa8 23. Rb1 Rb2 24. Rxb2 Qxb2 25. Rb1 Qc3 26. Rxb7 Ra2 27. N4b3 Bf8 28. f4 Bg4 29. Ne4 Rxe2 30. Nxc3 Rxe3 31. fxe5 Rxc3 32. Bxc6 dxe5 33. Bd5 Be6 34. Kf2 Bxd5 35. cxd5 Rd3 36. Rb5 f5 37. Nc1 Rd1 38. Ne2 Kf7 39. Kf3 Rd3+ 40. Kf2 g5 41. h5 Bd6 42. Kg2 g4 43. Ng1 e4 44. Ne2 Kf6 45. Nf4 Bxf4 46. gxf4 Rf3 47. Rb6+ Kg7 48. Rb7+ Kf8 49. Rb8+ Ke7 50. Rb6 Rxf4 51. Rxh6 Rf3 52. Re6+ Kd7 53. h6 Rh3 54. Kf2 f4 55. Rxe4 Rh2+ 56. Kg1 Rxh6 57. Rxf4 Rg6 1/2-1/2

[Event "Spring U2400"]
[Site "?"]
[Date "2023.03.04"]
[Round "1"]
[White "Forsey, Tomas"]
[Black "Mba, Reginald"]
[Result "0-1"]
[WhiteElo "1216"]
[BlackElo "1811"]
[PlyCount "89"]
[EventDate "2023.??.??"]
[SourceVersionDate "2023.03.08"]

1. c4 e6 2. Nc3 d5 3. d4 Nf6 4. g3 dxc4 5. Bg2 c5 6. Nf3 Nc6 7. dxc5 Qxd1+ 8. Nxd1 Bxc5 9. O-O O-O 10. Bg5 Nd5 11. Rc1 Nb6 12. Nc3 f6 13. Bf4 e5 14. Bd2 Rd8 15. Rfd1 Be6 16. Ne4 Be7 17. Be3 Na4 18. Rxd8+ Rxd8 19. Rb1 f5 20. Neg5 Bc8 21. Ne1 e4 22. Nh3 Nd4 23. Kf1 a6 24. Nf4 g5 25. Nh3 h6 26. Ng1 b5 27. f3 Bb7 28. b3 Nc3 29. Rb2 Nd1 30. Bxd4 Rxd4 31. Nc2 Rd8 32. Rb1 Nc3 33. Ra1 Bc5 34. bxc4 bxc4 35. a4 Rd2 36. Na3 Bxa3 37. Rxa3 Rd1+ 38. Kf2 Nb1 39. Ra1 e3+ 40. Kxe3 Rxg1 41. Bh3 Bc8 42. Kd4 Rd1+ 43. Ke5 c3 44. Bxf5 Bxf5 45. Kxf5 0-1

[Event "Spring U2400"]
[Site "?"]
[Date "2023.03.04"]
[Round "1"]
[White "Head, Elliot"]
[Black "Chong, Kimberly"]
[Result "0-1"]
[WhiteElo "1168"]
[BlackElo "1699"]
[PlyCount "54"]
[EventDate "2023.??.??"]
[SourceVersionDate "2023.03.08"]

1. e4 d5 2. exd5 Nf6 3. Nc3 Nxd5 4. Nxd5 Qxd5 5. Nf3 Nc6 6. Be2 e5 7. b3 e4 8. Ng1 Bc5 9. Bb2 Qg5 10. g3 Qf5 11. f3 Nd4 12. Bxd4 Bxd4 13. c3 Bxg1 14. Rxg1 Qc5 15. Rh1 Bh3 16. fxe4 Bg2 17. Rf1 Bxf1 18. Bxf1 O-O-O 19. Qc2 Qh5 20. h4 Qf3 21. d4 Qxg3+ 22. Kd2 Qxh4 23. Bc4 Rhe8 24. e5 Rxe5 25. Rf1 f5 26. Rxf5 Qe1+ 27. Kd3 Re3# 0-1

[Event "Spring U2400"]
[Site "?"]
[Date "2023.03.04"]
[Round "1"]
[White "Dixon, Chris"]
[Black "Powell, Andrew"]
[Result "1-0"]
[WhiteElo "1697"]
[BlackElo "1129"]
[PlyCount "69"]
[EventDate "2023.??.??"]
[SourceVersionDate "2023.03.08"]

1. Nf3 d5 2. g3 e6 3. Bg2 Nf6 4. O-O Be7 5. d3 O-O 6. Nbd2 c5 7. e4 dxe4 8. dxe4 h6 9. Re1 Nc6 10. c3 Rb8 11. Qe2 b6 12. Nf1 Bb7 13. Bf4 Rc8 14. Rad1 Qe8 15. h4 Rd8 16. Rxd8 Qxd8 17. Rd1 Qc8 18. e5 Nh7 19. h5 Rd8 20. Ne3 Rxd1+ 21. Qxd1 Qd8 22. Qxd8+ Bxd8 23. Nc4 Be7 24. Nfd2 Nd8 25. Ne4 Bxe4 26. Bxe4 Bg5 27. Nd6 Bxf4 28. gxf4 f6 29. Nc8 fxe5 30. fxe5 Ng5 31. Bg2 Ndf7 32. f4 Nh7 33. Bh3 Nf8 34. Nxa7 Nd7 35. Bxe6 1-0

[Event "Spring U2400"]
[Site "?"]
[Date "2023.03.04"]
[Round "2"]
[White "Garcia, Jason"]
[Black "Zografos, Lef"]
[Result "1-0"]
[WhiteElo "2002"]
[BlackElo "1750"]
[PlyCount "89"]
[EventDate "2023.??.??"]
[SourceVersionDate "2023.03.10"]

1. Nf3 Nf6 2. c4 e6 3. g3 d5 4. b3 g6 5. Bb2 Bg7 6. Bg2 O-O 7. O-O c6 8. d4 Nbd7 9. Nc3 Qc7 10. cxd5 Nxd5 11. Rc1 N7f6 12. a3 Nxc3 13. Bxc3 Nd5 14. Bb2 Re8 15. Nd2 Qd8 16. Nc4 Qe7 17. Qc2 Bd7 18. Rfd1 Rac8 19. b4 f6 20. Qb3 Kh8 21. f4 Red8 22. e4 b5 23. Na5 Nb6 24. e5 Nd5 25. Nb7 Rf8 26. exf6 Bxf6 27. Nc5 Qd6 28. Re1 Rfe8 29. Rc2 Nb6 30. Ne4 Qd5 31. Qd3 Bg7 32. Nf6 Qd6 33. Nxe8 Bxe8 34. d5 Bxb2 35. Rxb2 Nc4 36. Rbe2 Bd7 37. Qc3+ Kg8 38. dxe6 Be8 39. e7 c5 40. Re6 cxb4 41. Rxd6 bxc3 42. Rd8 Nb6 43. Bc6 c2 44. Rxe8+ Rxe8 45. Bxe8 1-0

[Event "Spring U2400"]
[Site "?"]
[Date "2023.03.05"]
[Round "5"]
[White "Muza, Robert"]
[Black "Zografos, Lef"]
[Result "1/2-1/2"]
[WhiteElo "1250"]
[BlackElo "1750"]
[PlyCount "112"]
[EventDate "2023.??.??"]
[SourceVersionDate "2023.03.10"]

1. e4 e6 2. Nf3 d5 3. e5 c5 4. Bb5+ Nc6 5. O-O Bd7 6. Bxc6 Bxc6 7. d4 cxd4 8. Nxd4 Ne7 9. Nc3 Ng6 10. f4 Bc5 11. Kh1 O-O 12. Nxc6 bxc6 13. Na4 Be7 14. b3 f6 15. Bb2 fxe5 16. Bxe5 Nxe5 17. fxe5 Qc7 18. Qe2 Rxf1+ 19. Rxf1 Rf8 20. Rxf8+ Bxf8 21. Nb2 g6 22. Nd3 Bg7 23. h3 c5 24. c4 d4 25. Qe4 a5 26. Qa8+ Bf8 27. Qe8 Qf7 28. Qxf7+ Kxf7 29. g4 Be7 30. Kg2 h5 31. Kf3 hxg4+ 32. hxg4 g5 33. Ke2 Ke8 34. Kd2 Kd7 35. Kc2 Kc6 36. Nf2 Kc7 37. Kd3 Kd7 38. Ke4 Kc6 39. Kd3 Kd7 40. Ne4 Kc6 41. Ng3 Kd7 42. Nh5 Ke8 43. Ng3 Kf7 44. Nh5 Ke8 45. Kc2 Kd7 46. Kd3 Bd8 47. Ke4 Ke8 48. Ng3 Kd7 49. Nf1 Kc6 50. Nd2 Be7 51. Nb1 Bf8 52. Na3 Kb6 53. Nc2 Kc6 54. a3 Kb6 55. Kd3 Bg7 56. Ke4 Bf8 1/2-1/2

[Event "Spring U2400"]
[Site "?"]
[Date "2023.03.05"]
[Round "4"]
[White "Zografos, Lef"]
[Black "Twohig, Tycho"]
[Result "0-1"]
[WhiteElo "1750"]
[BlackElo "1430"]
[PlyCount "66"]
[EventDate "2023.??.??"]
[SourceVersionDate "2023.03.10"]

1. e4 g6 2. d4 d6 3. Nc3 Bg7 4. Bg5 h6 5. Bh4 Nc6 6. Nf3 Bg4 7. Bb5 a6 8. Bxc6+ bxc6 9. Qd3 Nf6 10. Nd2 O-O 11. f3 Bd7 12. O-O Rb8 13. Nb3 Qc8 14. a3 Re8 15. Rfb1 e5 16. d5 cxd5 17. Bxf6 Bxf6 18. Nxd5 Bg5 19. g3 Bb5 20. c4 Ba4 21. Na5 c6 22. Nc3 Bb3 23. Nxb3 Rxb3 24. Qxd6 Qh3 25. Qd1 Rd8 26. Qf1 Be3+ 27. Kh1 Qh5 28. h4 Rd2 29. Nd1 Bd4 30. a4 Rxf3 31. Qe1 Re3 32. Qf1 Rxg3 33. Ra3 Qxh4+ 0-1

[Event "Spring U2400"]
[Site "?"]
[Date "2023.03.04"]
[Round "2"]
[White "Chong, Kimberly"]
[Black "Bullen, Alex"]
[Result "0-1"]
[WhiteElo "1699"]
[BlackElo "2148"]
[PlyCount "44"]
[EventDate "2023.??.??"]
[SourceVersionDate "2023.03.12"]

1. e4 c6 2. d4 d5 3. exd5 cxd5 4. Nf3 Nc6 5. c4 Nf6 6. Nc3 e6 7. c5 g6 8. Bb5 Bg7 9. Bf4 O-O 10. Bd6 Re8 11. O-O Bd7 12. Bxc6 Bxc6 13. b4 Ne4 14. Nxe4 dxe4 15. Ne5 Bd5 16. a4 Qg5 17. Qc1 e3 18. f3 Bh6 19. Ng4 Bg7 20. Ne5 f6 21. Nc4 e2 22. Rf2 Qxc1+ 0-1

[Event "Spring U2400"]
[Site "?"]
[Date "2023.03.04"]
[Round "2"]
[White "Thomas, Roy"]
[Black "Sadiq, Ayodele"]
[Result "0-1"]
[WhiteElo "1666"]
[BlackElo "2006"]
[PlyCount "74"]
[EventDate "2023.??.??"]
[SourceVersionDate "2023.03.13"]

1. f4 Nf6 2. Nf3 d6 3. e3 g6 4. Be2 Bg7 5. O-O c5 6. d3 Nc6 7. Nc3 O-O 8. e4 Nd4 9. Nxd4 cxd4 10. Nb1 Qb6 11. Kh1 Bd7 12. c4 dxc3 13. Nxc3 Bc6 14. Qe1 Qd4 15. Qh4 Rac8 16. Rf3 Bd7 17. h3 b5 18. a3 Qc5 19. Be3 Qc7 20. g4 Bc6 21. Rc1 Qb7 22. Kg1 b4 23. axb4 Qxb4 24. Rb1 a5 25. f5 Nd7 26. fxg6 hxg6 27. Nd5 Bxd5 28. exd5 Nf6 29. Rf4 Qb3 30. Bd4 Qc2 31. Qe1 Nxd5 32. Bxg7 Nxf4 33. Bxf8 Nxe2+ 34. Kf1 Kxf8 35. Rd1 Nd4 36. Rd2 Qc1 37. Rd1 Qf4+ 0-1

[Event "Spring U2400"]
[Site "?"]
[Date "2023.03.04"]
[Round "2"]
[White "Parri, Deio"]
[Black "Fathallah, Joe"]
[Result "0-1"]
[WhiteElo "1601"]
[BlackElo "1988"]
[PlyCount "98"]
[EventDate "2023.??.??"]
[SourceVersionDate "2023.03.13"]

1. d4 f5 2. e4 fxe4 3. Nc3 Nf6 4. Bg5 Nc6 5. Bc4 d5 6. Bb3 e6 7. f3 exf3 8. Nxf3 Be7 9. Qe2 O-O 10. O-O-O a5 11. a3 Bd7 12. Ne5 Nxe5 13. dxe5 Ne8 14. Bxe7 Qxe7 15. Rhf1 Rxf1 16. Rxf1 c5 17. Ba4 Bxa4 18. Nxa4 Nc7 19. Nc3 Rf8 20. Rxf8+ Qxf8 21. Nb5 Qf4+ 22. Kb1 Ne8 23. Nc3 c4 24. g3 Qf5 25. Nb5 Qf7 26. Nd4 Nc7 27. Qg4 Qd7 28. Qg5 h6 29. Qe3 Qe7 30. Qf3 Na6 31. Qg4 Nc5 32. h4 Qd7 33. Qe2 b5 34. g4 Ne4 35. g5 hxg5 36. hxg5 Nxg5 37. Qg4 Nf7 38. Qxe6 Qxe6 39. Nxe6 Nxe5 40. Nc7 g5 41. Nxd5 Kf7 42. Kc1 Kg6 43. Kd1 Nc6 44. Ne3 Kh5 45. Ke1 c3 46. bxc3 Ne5 47. Nd5 Nc4 48. Nc7 Nxa3 49. Nxb5 Nxb5 0-1

[Event "Spring U2400"]
[Site "?"]
[Date "2023.03.04"]
[Round "2"]
[White "Rathbone-Jones, Ifan"]
[Black "Dixon, Chris"]
[Result "1-0"]
[WhiteElo "1934"]
[BlackElo "1697"]
[PlyCount "97"]
[EventDate "2023.??.??"]
[SourceVersionDate "2023.03.13"]

1. d4 Nf6 2. Bf4 g6 3. Nc3 Bg7 4. e4 d6 5. Qd2 c6 6. f3 b5 7. Bh6 O-O 8. O-O-O Qa5 9. h4 b4 10. Nb1 Nbd7 11. Bc4 Nb6 12. Bb3 c5 13. dxc5 dxc5 14. Bxg7 Kxg7 15. e5 Ng8 16. c4 Be6 17. Qf4 Qa6 18. Nd2 Rad8 19. Ne2 Qc8 20. Bc2 Qa6 21. Bb3 Qc8 22. g4 a5 23. Bc2 a4 24. b3 axb3 25. Bxb3 Qa6 26. Qe4 Qa3+ 27. Kb1 Na4 28. Qc2 Ra8 29. Qc1 Qxc1+ 30. Kxc1 Nb6 31. Nf4 Rfd8 32. Nxe6+ fxe6 33. g5 Rac8 34. Ne4 Rd4 35. Rxd4 cxd4 36. c5 Kf7 37. h5 Nd5 38. h6 Nc3 39. Rh4 Rc6 40. Nxc3 Rxc5 41. Rf4+ Nf6 42. exf6 Rxc3+ 43. Kd2 Re3 44. fxe7+ Kxe7 45. Rxd4 Rxf3 46. Rxb4 Rg3 47. Rb7+ Kd6 48. Rb5 e5 49. Rd5+ 1-0

[Event "Spring U2400"]
[Site "?"]
[Date "2023.03.04"]
[Round "2"]
[White "Jukes, Sam"]
[Black "Bennett, Tom"]
[Result "1-0"]
[WhiteElo "1905"]
[BlackElo "1678"]
[PlyCount "99"]
[EventDate "2023.??.??"]
[SourceVersionDate "2023.03.13"]

1. e4 c5 2. Nf3 Nc6 3. d4 cxd4 4. Nxd4 g6 5. Nc3 Bg7 6. Be3 Nf6 7. Bc4 Qa5 8. O-O O-O 9. Bb3 d6 10. f3 Bd7 11. Qd2 Rac8 12. Rad1 a6 13. a3 b5 14. Nxc6 Bxc6 15. Bh6 Bxh6 16. Qxh6 b4 17. axb4 Qxb4 18. Qe3 Nd7 19. Qd4 Qc5 20. Bd5 Qxd4+ 21. Rxd4 Nf6 22. Ra1 Nxd5 23. exd5 Bb7 24. Re4 Rfe8 25. Rb4 Rc7 26. Rb6 Rd8 27. Re1 Rdd7 28. Kf2 Rc5 29. Rd1 Rdc7 30. Rd3 Kf8 31. Ke3 Ke8 32. g3 h5 33. Rd4 f6 34. g4 hxg4 35. fxg4 g5 36. Ke4 Rc4 37. Rb4 Rxd4+ 38. Kxd4 Kd7 39. Nd1 Rxc2 40. Rxb7+ Kc8 41. Kd3 Rxh2 42. Rxe7 Rg2 43. Re4 Kc7 44. b4 Kb6 45. Ne3 Rg3 46. Re6 Kb5 47. Rxd6 Kxb4 48. Rxa6 Kb5 49. Rxf6 Rg1 50. Rf5 1-0

[Event "Spring U2400"]
[Site "?"]
[Date "2023.03.04"]
[Round "2"]
[White "Turner, Joseph"]
[Black "Hurn, Robert"]
[Result "1-0"]
[WhiteElo "1867"]
[BlackElo "1603"]
[PlyCount "45"]
[EventDate "2023.??.??"]
[SourceVersionDate "2023.03.13"]

1. e4 c5 2. Nf3 d6 3. d4 cxd4 4. Nxd4 Nf6 5. Nc3 g6 6. f4 Nc6 7. Nxc6 bxc6 8. e5 Nd7 9. Qe2 e6 10. exd6 Bxd6 11. Ne4 Be7 12. Bd2 Rb8 13. Bc3 O-O 14. h4 Bb4 15. h5 Bxc3+ 16. bxc3 f5 17. Ng5 Nc5 18. hxg6 Qf6 19. gxh7+ Kh8 20. Qe5 Qxe5+ 21. fxe5 Rb2 22. O-O-O Rxa2 23. Rd8 1-0

[Event "Spring U2400"]
[Site "?"]
[Date "2023.03.04"]
[Round "2"]
[White "James, Dai"]
[Black "Gibiec, Mateusz"]
[Result "1-0"]
[WhiteElo "1843"]
[BlackElo "1595"]
[PlyCount "57"]
[EventDate "2023.??.??"]
[SourceVersionDate "2023.03.13"]

1. b4 e5 2. Bb2 d6 3. e3 Be6 4. d4 d5 5. dxe5 Bxb4+ 6. Nd2 Nd7 7. Ngf3 Ne7 8. Be2 O-O 9. O-O Ng6 10. c4 Bxd2 11. cxd5 Ba5 12. dxe6 fxe6 13. Qb3 Nc5 14. Qc4 Qd5 15. Qg4 Qe4 16. Qh3 Nf4 17. exf4 Qxe2 18. Ba3 Ne4 19. Bxf8 Rxf8 20. Qxe6+ Kh8 21. Rae1 Bxe1 22. Rxe1 Qxf2+ 23. Kh1 Nd2 24. Qe7 Rg8 25. Qh4 Qxh4 26. Nxh4 c5 27. Nf5 Nc4 28. Nd6 Nxd6 29. exd6 1-0

[Event "Spring U2400"]
[Site "?"]
[Date "2023.03.04"]
[Round "2"]
[White "Powell-Jones, Liam"]
[Black "Korovski, Georgi"]
[Result "1/2-1/2"]
[WhiteElo "1250"]
[BlackElo "1841"]
[PlyCount "97"]
[EventDate "2023.??.??"]
[SourceVersionDate "2023.03.13"]

1. e4 d6 2. Nc3 Nf6 3. Nf3 g6 4. d4 Bg7 5. Bc4 O-O 6. Bg5 h6 7. Bxf6 Bxf6 8. Qd2 Bg7 9. O-O-O Nd7 10. h4 h5 11. Kb1 c5 12. dxc5 Nxc5 13. e5 Bg4 14. exd6 Bxf3 15. dxe7 Qxe7 16. gxf3 Rfd8 17. Nd5 Qe5 18. Qb4 a5 19. f4 Qxd5 20. Rxd5 axb4 21. Rxc5 Rd4 22. f5 Rad8 23. c3 bxc3 24. bxc3 Rf4 25. fxg6 Rxf2 26. gxf7+ Kf8 27. Bb3 b5 28. a3 Rf3 29. Rc1 Rh3 30. Rxb5 Ra8 31. Kb2 Rh2+ 32. Rc2 Rxc2+ 33. Bxc2 Kxf7 34. Rxh5 Rc8 35. Rf5+ Ke6 36. Rf3 Kd5 37. Bb3+ Ke4 38. Rh3 Kf4 39. h5 Rc6 40. Rf3+ Kxf3 41. Bd5+ Kg4 42. Bxc6 Kxh5 43. a4 Bh6 44. a5 Kg6 45. Kb3 Kf6 46. Kb4 Be3 47. Kb5 Ke6 48. Kb4 Kd6 49. Bg2 1/2-1/2